| 000 | 01552nam a2200229 a 4500 | ||
|---|---|---|---|
| 001 | 14850 | ||
| 003 | CO-ViMGA | ||
| 008 | 141112s2004 ck r 000 u spa d | ||
| 020 | _a9589356060 | ||
| 040 |
_aCO-ViMGA _bspa _cCO-ViMGA |
||
| 082 | 0 | 4 | _a639.3 I577f |
| 100 | 1 |
_aInstituto nacional de pesca y acuicultura.INPA, _921561 |
|
| 245 | 1 | 0 | _aFundamentos de acuicultura continental |
| 250 | _a2 | ||
| 260 |
_aBtá, _cInpa, _c2001 |
||
| 300 | _a423.p.il. | ||
| 505 | _aIntroducción, historia. Proyectos en acuicultura La calidad del agua y la productividad de un estanque en acuicultura Construcción de estanques Nutrición y alimentación de peces Enfermedades de los peces en cultivos Bases fisiológicas de la reproducción de peces tropicales Citogenética aplicada a peces Manipulación cromosómica aplicada a la piscicultura Mejoramiento genetico en acuicultura Criopreservación de esperma de peces Cultivo de camarón de agua dulce (Macrobrachium rosembergii)Cultivo de las Tilapias rojas (Oreochromis spp)y Plateada (Oreochromis niloticus)Cultivo de la trucha arcoiris El cultivo de la cachama Cultivo de peces ornamentales Cultivos de peces en jaulas Policultivos y cultivos de peces en corrales Piscicultura integrada a otras actividades agropecuarias Parámetros tecnicos y economicos para un proyecto piscicola rentable, (trucha, tilapia roja y cachama) | ||
| 590 |
_aForma de adquisición : Donación Biblioteca Nacional - - Precio : _10.000 |
||
| 650 | 1 | 4 |
_aACUICULTURA _921562 |
| 650 | 1 | 4 |
_aPISCICULTURA _92313 |
| 942 |
_2ddc _cBK |
||
| 999 |
_c25334 _d25334 |
||